Investičný certifikát - moderný investičný nástroj
Podstata význam a druhy investičných certifikátov. Investičné certifikáty sú finančné nástroje, ktorých cena sa odvíja na základe vývoja hodnoty podkladového aktíva. Diverzifikácia investičného portfólia, ako aj investičné inštrumenty pre investičné stratégie.
Guardado en:
| Autor principal: | |
|---|---|
| Formato: | Capítulo de libro |
| Lenguaje: | eslovaco |
| Materias: | |
| Etiquetas: |
Sin Etiquetas, Sea el primero en etiquetar este registro!
|
MARC
| LEADER | 00000naa$a2200000$$$4500 | ||
|---|---|---|---|
| 001 | 0224394 | ||
| 005 | 20240502073656.8 | ||
| 041 | 0 | |a slo | |
| 044 | |a SK | ||
| 245 | 1 | 0 | |a Investičný certifikát - moderný investičný nástroj |c Veronika Jánošová |
| 520 | |a Podstata význam a druhy investičných certifikátov. Investičné certifikáty sú finančné nástroje, ktorých cena sa odvíja na základe vývoja hodnoty podkladového aktíva. Diverzifikácia investičného portfólia, ako aj investičné inštrumenty pre investičné stratégie. | ||
| 610 | 2 | 0 | |a certifikáty investičné |
| 610 | 2 | 0 | |a investori |
| 610 | 2 | 0 | |a nástroje investičné |
| 610 | 2 | 0 | |a stratégia investičná |
| 610 | 2 | 0 | |a emitenti |
| 610 | 2 | 0 | |a deriváty |
| 610 | 2 | 0 | |a trh finančný |
| 610 | 2 | 0 | |a diverzifikácia |
| 100 | 1 | |a Jánošová, Veronika, 1953- | |